000
00325nam a22001337a 4500
020
_a
9789327219029
082
_a
664.02
_b
DAS/RI
100
_a
Dash, Sanjaya K
245
_a
Rice processing and allied operations
260
_a
Ludhiana
_b
Kalyani Publishers
700
_a
Bebartta, J.P
700
_a
Kar, Abhijit
942
_c
BK
999
_c
13929
_d
13929